000 00337nam a22001337a 4500
020 _a81-7855-116-0
082 _a510
_bSAR/N
100 _aCS SARNA, RG GUPTA, PK GARG
245 _aNEW COURSE SECONDARY MATHEMATICS
_bCLASS X
260 _aDELHI
_bARYA PUBLICATIONS
_c2003
300 _a562
650 _aMATHS FOR CLASS X
_zINDIA
942 _cBK
999 _c766
_d766